000 00716nam a2200181 a 4500
008 061019s2006 ||||||||||||||||| || u
050 _aIBRD(08)
100 _aIanchovichina, Elena
245 1 0 _aSubnational fiscal sustainability analysis: what can we learn from Tamil Nadu?
260 _aWashington, D. C.
_bWorld Bank
_c2006
300 _a34p.;ill
350 _a0.00
490 _aWorld Bank policy research working papers
650 0 _aECONOMICS
650 _aFISCAL SUSTAINABILITY--RESEARCH--TAMIL NADU
710 _aWorld Bank
995 _D0.00
_FCBU-MAIN LIBRARY (Kitwe)
_H1
_I0.00
_M1
_UAVAILABLE
_WOct 19, 2006
_ZInternational Publications
999 _c59028
_d59028